000 00335 a2200157 4500
001 192284
020 _a978-85-8425-186-5
040 _cMagnum
100 _aRocha, Lavínia
240 1 0 _aEntre três mundos
_lpor
245 1 0 _aEntre três mundos
300 _a218
362 0 _a2015
697 _aLITERATURA JUVENIL
942 _cBK
999 _c192284
_d192284